|
|
|
|
| LEADER |
00000nam0a2200000 4500 |
| 001 |
285309 |
| 005 |
20231101235800.0 |
| 035 |
|
|
|a (RuTPU)RU\TPU\book\309544
|
| 090 |
|
|
|a 285309
|
| 100 |
|
|
|a 20150224d1961 km y0rusy50 ca
|
| 101 |
0 |
|
|a rus
|
| 102 |
|
|
|a RU
|
| 105 |
|
|
|a a z 001zy
|
| 200 |
1 |
|
|a Количественный микрохимический анализ минералов и руд
|e практическое руководство
|f И. П. Алимарин, Б. И. Фрид
|
| 210 |
|
|
|a Москва
|c Госхимиздат
|d 1961
|
| 215 |
|
|
|a 400 с.
|c ил.
|
| 320 |
|
|
|a Библиогр.: с. 391-395.
|
| 320 |
|
|
|a Предметный указатель: с. 396-399.
|
| 606 |
1 |
|
|a Минералы
|x Химический анализ
|2 stltpush
|3 (RuTPU)RU\TPU\subj\43976
|9 63381
|
| 610 |
1 |
|
|a весы
|
| 610 |
1 |
|
|a взвешивание
|
| 610 |
1 |
|
|a приборы
|
| 610 |
1 |
|
|a посуда
|
| 610 |
1 |
|
|a микроанализ
|
| 610 |
1 |
|
|a методы
|
| 610 |
1 |
|
|a окислы
|
| 610 |
1 |
|
|a руды
|
| 610 |
1 |
|
|a классификация
|
| 610 |
1 |
|
|a систематический анализ
|
| 675 |
|
|
|a 549.08:54
|v 3
|
| 700 |
|
1 |
|a Алимарин
|b И. П.
|g Иван Павлович
|
| 701 |
|
1 |
|a Фрид
|b Б. И.
|g Берта Израилевна
|
| 801 |
|
1 |
|a RU
|b 63413507
|c 20150224
|
| 801 |
|
2 |
|a RU
|b 63413507
|c 20150306
|g RCR
|
| 942 |
|
|
|c BK
|